000 00410nam a2200157Ia 4500
005 20250509023055.0
008 240331s9999 xx 000 0 und d
020 _a9552101433
082 _a100
_bKAL
100 _aKalansuriya, A.D.P
245 0 _aDarshanaya handinweemak
260 _aColombo
_bM. D . Gunasena Books
_c1987
300 _a114 p .,
500 _aPhilosophy Details and Introductions
942 _cL
999 _c687
_d687